BIBLIOTECA PODER JUDICIAL
Portal Judicial TDF

Accidentes ferroviarios / (Registro nro. 2863)

000 -LEADER
fixed length control field 00564naa a22001697a 4500
003 - CONTROL NUMBER IDENTIFIER
control field OSt
005 - DATE AND TIME OF LATEST TRANSACTION
control field 20190516102110.0
008 - FIXED-LENGTH DATA ELEMENTS--GENERAL INFORMATION
fixed length control field 190516e xxu||||| |||| 00| 0 spa d
040 ## - CATALOGING SOURCE
Transcribing agency PJ
100 ## - MAIN ENTRY--PERSONAL NAME
9 (RLIN) 528
Personal name Mosset Iturraspe, Jorge
245 10 - TITLE STATEMENT
Title Accidentes ferroviarios /
Statement of responsibility, etc Jorge Mosset Iturraspe.
300 ## - PHYSICAL DESCRIPTION
Extent p. 74-79
650 #0 - SUBJECT ADDED ENTRY--TOPICAL TERM
9 (RLIN) 1467
Topical term or geographic name as entry element RESPONSABILIDAD CIVIL
650 #0 - SUBJECT ADDED ENTRY--TOPICAL TERM
9 (RLIN) 4277
Topical term or geographic name as entry element ACCIDENTE FERROVIARIO
773 0# - HOST ITEM ENTRY
Host Biblionumber 2857
Host Itemnumber 3234
Edition 3a. ed.
Place, publisher, and date of publication Buenos Aires : Abeledo-Perrot, 1996.
Other item identifier 3329
Title Enciclopedia de la responsabilidad civil. Tomo I
International Standard Book Number 95020009460
942 ## - ADDED ENTRY ELEMENTS (KOHA)
Source of classification or shelving scheme
Koha item type Analítica Capítulo de Libro

No hay ítems disponibles.

12 de Octubre 789 Ushuaia - Tel:  54(02901)441571
Horario de Atención: 8.00 a 17.00 hs. 
bibliotecaush@justierradelfuego.gov.ar
koha@justierradelfuego.gov.ar
Seguinos en nuestras redes @bibliojustdf 

Con tecnología Koha